000 00374nam a2200157 i 4500
001 bg
100 1 _aBEGUNOV, B. N.
245 0 _aTeorija optičeskich sistem /
_cB.N. Begunov, N.P. Zakazanov.
260 _aMoskva,
_c1973.
700 1 _aZAKAZANOV, N. P.
040 _cBPK
041 _apol
080 _a535
942 _cKS
008 s pl f |000 0 pol
999 _c15560
_d15560
856 _uhttp://koha.tu.koszalin.pl/cgi-bin/koha/opac-detail.pl?biblionumber=15560
_yKatalog online BPK